Trade policy and economic welfare

Gorde:
Xehetasun bibliografikoak
Egile nagusia: Corden, W. M.
Formatua: Liburua
Hizkuntza:Undetermined
Argitaratua: Oxford Clarendon Press 1974
Gaiak:
Etiketak: Etiketa erantsi
Etiketarik gabe, Izan zaitez lehena erregistro honi etiketa jartzen!
Thư viện lưu trữ: Trung tâm Học liệu Trường Đại học Cần Thơ
LEADER 00499nam a2200181Ia 4500
001 CTU_81870
008 210402s9999 xx 000 0 und d
082 |a 382 
082 |b C794 
100 |a Corden, W. M. 
245 0 |a Trade policy and economic welfare 
245 0 |c W. M. Corden 
260 |a Oxford 
260 |b Clarendon Press 
260 |c 1974 
650 |a Commercial policy,Free trade,Protectionism 
904 |i Trọng Hải 
980 |a Trung tâm Học liệu Trường Đại học Cần Thơ